[Event "Navarra-chT Preferente"]
[Site "Navarra"]
[Date "2012.11.17"]
[Round "6.6"]
[White "Peteiro Osta, Luis Angel"]
[Black "Soler Huguet, Carlos Francisco"]
[Result "1-0"]
[WhiteElo "1903"]
[BlackElo "1887"]
[PlyCount "33"]
[EventDate "2012.10.13"]
[EventType "team"]
[EventRounds "7"]
[EventCountry "ESP"]
[SourceTitle "EXT 2014"]
[Source "ChessBase"]
[SourceDate "2013.11.20"]
[SourceVersion "1"]
[SourceVersionDate "2013.11.20"]
[SourceQuality "1"]
[WhiteTeam "Nuevo Casino"]
[BlackTeam "Santa Ana"]
[WhiteTeamCountry "ESP"]
[BlackTeamCountry "ESP"]

1. e4 e5 2. Nc3 Nc6 3. Bc4 Bc5 4. Qg4 Qf6 5. Nd5 Qxf2+ 6. Kd1 Kf8 7. Nh3 h5 8. Qg5 Qd4 9. d3 Be7 10. Nxe7 Ngxe7 11. Rf1 f6 12. Rxf6+ gxf6 13. Qxf6+ Ke8 14. Qxh8+ Ng8 15. Qxg8+ Ke7 16. Bg5+ Kd6 17. c3 1-0

[Event "Navarra-chT Preferente"]
[Site "Navarra"]
[Date "2012.11.03"]
[Round "4.5"]
[White "Soler Huguet, Carlos Francisco"]
[Black "Rodriguez Montes, Sostenes"]
[Result "0-1"]
[WhiteElo "1887"]
[BlackElo "1820"]
[PlyCount "86"]
[EventDate "2012.10.13"]
[EventType "team"]
[EventRounds "7"]
[EventCountry "ESP"]
[SourceTitle "EXT 2014"]
[Source "ChessBase"]
[SourceDate "2013.11.20"]
[SourceVersion "1"]
[SourceVersionDate "2013.11.20"]
[SourceQuality "1"]
[WhiteTeam "Santa Ana"]
[BlackTeam "Runa"]
[WhiteTeamCountry "ESP"]
[BlackTeamCountry "ESP"]

1. e4 e5 2. Bc4 Bc5 3. Qh5 Qe7 4. Nf3 Nc6 5. Nc3 Nf6 6. Qg5 d6 7. d3 h6 8. Qh4 Be6 9. Bxe6 Qxe6 10. a3 0-0-0 11. Na4 g5 12. Nxc5 dxc5 13. Qg3 c4 14. Ke2 cxd3+ 15. cxd3 g4 16. Ne1 Nd4+ 17. Kf1 Nh5 18. Qh4 Nb3 19. Rb1 Ng7 20. h3 f5 21. Kg1 fxe4 22. dxe4 Rd1 23. Kh2 Rxc1 24. Rxc1 Nxc1 25. hxg4 h5 26. g5 Qb6 27. Nf3 Qxb2 28. Qh3+ Kb8 29. Qd7 Ne2 30. Qxg7 Rd8 31. Qe7 Kc8 32. Qe6+ Kb8 33. g6 Nf4 34. Qxe5 Qxe5 35. Nxe5 Rg8 36. Rd1 Kc8 37. g3 Nxg6 38. Nxg6 Rxg6 39. f4 c5 40. Rd5 c4 41. Rxh5 Rc6 42. Kg2 Ra6 43. a4 Rxa4 0-1